000 00323nam a2200133Ia 4500
005 20260328104251.0
008 260328s9999||||xx |||||||||||||| ||und||
100 _aMacaulay, David
245 0 _aBuilt to Last /
_cDavid Macaulay
260 _bReinforced Binding
300 _a272 p.
650 _aRENACIMIENTO
942 _cBK
999 _c10235
_d10235